00254nam a22000977a 450000500170000000800410001704000070005804100080006524500740007326000090014720230722120611.0230722b ||||| |||| 00| 0 eng d cAL aeng aStudy on the impact of fathers alcoholism on their teenaged daughters c2003